000 00602nmm a2200217Ia 4500
008 251105s9999||||xx |||||||||||||||||und||
020 _a9788498798234
041 _aspa
100 _aHusserl, Edmund
245 0 _aIntroducción a la ética
264 _a[Madrid, España] :
_bTrotta Editorial,
_c2020
300 _a368 páginas
490 _aTorre del Aire
650 _aPhilosophy, Ethics
700 _aHusserl, Edmund
700 1 _a Chu, Mariana
700 1 _a Crespo, Mariano
700 1 _a Rabanaque, Luis R.
856 _uhttps://public.digitaliapublishing.com/a/67463
942 _cCF
999 _c67041
_d67041